[Event "Match"]
[Site "www.echecsemail.com"]
[Date "2016.02.05"]
[Round "1"]
[White "Darknight"]
[Black "Cal"]
[WhiteElo "1610"]
[BlackElo "1540"]
[Result "0-1"]
[Round "1"]
1.e4 e5
2.Bf1c4 Ng8f6
3.d3 c6
4.h3 h6
5.Ng1f3 b5
6.Bc4b3 Bf8c5
7.a3 a5
8.Bb3a2 d6
9.g3 O-O
10.g4 Nf6h7
11.Nb1c3 b4
12.axb4 Bc5xb4
13.Bc1d2 Bc8b7
14.Qd1e2 Nb8a6
15.O-O-O Bb4xc3
16.Bd2xc3 Na6c5
17.Rd1g1 Bb7a6
18.h4 Kh8
19.h5 Nh7f6
20.Ba2c4 Ba6xc4
21.dxc4 Nf6xe4
22.Bc3d2 a4
23.Kb1 d5
24.Bd2b4 Qd8b6
25.c3 Qb6a6
26.Nf3xe5 Nc5b3
27.Bb4xf8 Ra8xf8
28.g5 Ne4xg5
29.Rh1h2 d4
30.cxd4 Ng5e6
31.Rh2g2 Nb3xd4
32.Qe2e4 c5
33.Qe4e3 a3
34.b3 a2
35.Kb2 Rf8b8
36.Ne5xf7 Kh7
37.Qe3e4 Kg8
38.Nf7xh6 Kf8
39.Rg2g3 Qa6xc4
40.Rg3c3 Rb8xb3
41.Rc3xb3 Qc4xb3
42.Ka1 Nd4c2
43.Qe4xc2 Qb3xc2
44.Nh6g4 Ne6d4
45.Ng4e3 Nd4b3

0-1

[Event "Match"]
[Site "www.echecsemail.com"]
[Date "2016.02.05"]
[Round "1"]
[White "Calponas"]
[Black "Genius7"]
[WhiteElo "2070"]
[BlackElo "1840"]
[Result "0-1"]
[Round "1"]
1.d4 d5
2.c4 Nb8c6
3.Nb1c3 e6
4.Bc1f4 Bf8b4
5.a3 Bb4xc3
6.bxc3 Ng8f6
7.c5 b6
8.cxb6 axb6
9.e3 O-O
10.Bf1b5 Bc8d7
11.Ng1f3 Nc6e7
12.Bb5d3 Bd7a4
13.Qd1e2 Ra8a7
14.O-O c5
15.Rf1b1 c4
16.Bd3c2 Ba4xc2
17.Qe2xc2 Nf6e4
18.Rb1b5 Qd8a8
19.a4 Ne7c8
20.Nf3e5 Ra7a5
21.Ne5d7 Ra5xb5
22.Nd7xf8 Kxf8
23.f3 Ne4f6
24.Kf2 Rb5b3
25.g4 Qa8a5
26.g5 Rb3xc3
27.Qc2b1 Rc3b3
28.Qb1c2 Nf6d7
29.Qc2xh7 Rb3b2
30.Kg3 Ke7
31.Qh7xg7 c3
32.g6 Nc8d6
33.Bf4g5 Ke8
34.Qg7g8 Nd7f8
35.g7 Nd6f5
36.Kf4 Nf5xg7
37.Qg8xg7 Qa5b4
38.Qg7f6 Qb4d6
39.Qf6e5 Nf8g6
{ resign }
0-1

[Event "Match"]
[Site "www.echecsemail.com"]
[Date "2016.02.05"]
[Round "1"]
[White "Silent1"]
[Black "Pinehill"]
[WhiteElo "1800"]
[BlackElo "2110"]
[Result "0-1"]
[Round "1"]
1.d4 Ng8f6
2.c4 e6
3.Nb1c3 Bf8b4
4.Bc1d2 O-O
5.e3 d5
6.Ng1f3 c6
7.Bf1d3 Nb8d7
8.O-O dxc4
9.Bd3xc4 Bb4xc3
10.Bd2xc3 Nf6e4
11.Bc4d3 Ne4xc3
12.bxc3 Nd7f6
13.c4 Qd8c7
14.h3 h6
15.Nf3e5 c5
16.Ne5f3 Bc8d7
17.dxc5 Qc7xc5
18.Qd1e2 Bd7c6
19.Nf3e5 Qc5xe5
20.f4 Qe5d6
21.Rf1c1 Rf8d8
22.Rc1d1 Qd6c5
23.Kh1 Bc6e4
24.Bd3xe4 Nf6xe4
25.Kh2 Rd8xd1
26.Qe2xd1 Qc5xe3
27.Qd1f3 Qe3xf3
28.gxf3 Ne4d2
29.Kg3 Nd2xc4
30.Ra1b1 b6
31.Rb1b4 Nc4e3
32.Rb4b3 Ne3f5
33.Kf2 Ra8d8
34.Rb3b2 Rd8d4
35.Rb2c2 Rd4xf4
36.Rc2c8 Kh7
37.Rc8c7 Rf4a4
38.Rc7xf7 Ra4xa2
39.Kf1 Kg6
40.Rf7c7 b5
41.Rc7b7 a6
42.Rb7b6 Kf6
43.Kg1 Nf5d4
{ resign }
0-1

[Event "Match"]
[Site "www.echecsemail.com"]
[Date "2016.02.05"]
[Round "1"]
[White "Joseph1983"]
[Black "Goosebumps"]
[WhiteElo "2200"]
[BlackElo "2200"]
[Result "0-1"]
[Round "1"]
1.e4 e5
2.Nb1c3 Ng8f6
3.Ng1f3 Nb8c6
4.d4 exd4
5.Nf3xd4 Nc6xd4
6.Qd1xd4 d6
7.Bc1g5 Bf8e7
8.O-O-O O-O
9.Bf1c4 h6
10.Bg5h4 Bc8e6
11.Bc4xe6 fxe6
12.e5 Nf6e8
13.Bh4xe7 Qd8xe7
14.exd6 cxd6
15.Rh1e1 Qe7g5
16.Kb1 Qg5xg2
17.Re1xe6 Rf8xf2
18.Nc3e4 Rf2xc2
19.Ne4xd6 Ne8xd6
20.Re6xd6 Rc2c6
21.Rd6xc6 Qg2xc6
22.Rd1g1 Qc6c7
23.h4 Ra8c8
24.a3 a5
25.Qd4d2 { time. }
0-1

[Event "Match"]
[Site "www.echecsemail.com"]
[Date "2016.02.05"]
[Round "1"]
[White "Luzhin"]
[Black "Manolinex"]
[WhiteElo "2250"]
[BlackElo "2870"]
[Result "0-1"]
[Round "1"]
1.e4 c5
2.Ng1f3 d6
3.d4 cxd4
4.Nf3xd4 Ng8f6
5.Nb1c3 a6
6.Bc1g5 e6
7.f4 Qd8b6
8.a3 Nb8d7
9.Bg5h4 e5
10.Nd4f3 Bf8e7
11.Bh4f2 Qb6c7
12.g3 Nd7c5
13.Qd1e2 b5
14.O-O-O O-O
15.Bf2xc5 Qc7xc5
16.Kb1 Ra8b8
17.Nc3d5 Nf6xd5
18.Rd1xd5 Qc5c7
19.Rd5d3 Bc8d7
20.Rd3c3 Qc7b7
21.fxe5 dxe5
22.Nf3xe5 b4
23.Rc3d3 bxa3
24.Rd3b3 Qb7c7
{ resign }
0-1

[Event "Match"]
[Site "www.echecsemail.com"]
[Date "2016.02.05"]
[Round "1"]
[White "Chapi"]
[Black "Ztornad"]
[WhiteElo "2030"]
[BlackElo "1730"]
[Result "1-0"]
[Round "1"]
1.d4 d5
2.c4 dxc4
3.Nb1c3 c6
4.a4 a5
5.e4 g6
6.Bf1xc4 Bc8e6
7.Bc4xe6 fxe6
8.Ng1f3 Bf8g7
9.d5 exd5
10.exd5 Bg7xc3
11.bxc3 Qd8xd5
12.Bc1e3 Qd5xd1
13.Ra1xd1 Nb8d7
14.Nf3g5 Ra8d8
15.Ng5e6 Rd8c8
16.O-O Ng8f6
17.Rd1d4 Nd7e5
18.Rf1b1 b5
19.axb5 c5
20.Rd4a4 Rc8a8
21.Ne6c7 Kf7
22.Nc7xa8 Rh8xa8
23.Be3xc5 Nf6d5
24.Bc5d4 Ne5d7
25.Rb1a1 Ra8c8
26.Ra4xa5 Nd5xc3
27.Bd4xc3 Rc8xc3
28.h3 Rc3c2
29.Ra1b1 Rc2c5
30.Ra5a7 Nd7b6
31.Ra7a6 Nb6d5
32.b6 Nd5c3
33.Rb1b3 Nc3e2
34.Kf1 Ne2d4
35.Rb3b1 Nd4c6
36.b7 Nc6b8
37.Ra6a8 Nb8d7
38.Rb1d1 Nd7b6
39.Ra8a6 Nb6c4
40.b8Q Rc5f5
41.Qb8b3 Rf5f4
42.Ra6a4 Kg7
43.Ra4xc4 Rf4f5
44.Rc4c7 Kh6
45.Qb3e3 g5
46.Rc7xe7 Rf5f6
47.Re7e6 Rf6xe6
48.Qe3xe6 Kh5
49.g3 { resign }
1-0

[Event "1/16 Finale"]
[Site "www.chess-mail.com"]
[Date "2016.02.05"]
[Round "1"]
[White "Echo314"]
[Black "Szustan"]
[WhiteElo "2800"]
[BlackElo "2710"]
[Result "1/2-1/2"]
[Round "1"]
1.e4 e5
2.Ng1f3 Nb8c6
3.Bf1b5 a6
4.Bb5a4 Ng8f6
5.O-O Nf6xe4
6.d4 b5
7.Ba4b3 d5
8.dxe5 Bc8e6
9.Nb1d2 Ne4c5
10.c3 d4
11.Bb3xe6 Nc5xe6
12.cxd4 Nc6xd4
13.Nd2e4 Bf8e7
14.Bc1e3 Nd4f5
15.Qd1c2 O-O
16.Ne4g5 Be7xg5
17.Nf3xg5 h6
18.Ng5xe6 Nf5xe3
19.Qc2e4 fxe6
20.Qe4xe3 Ra8c8
21.Ra1c1 Qd8d5
22.b3 Rf8d8
23.Rc1c5 Qd5d3
24.Qe3xd3 Rd8xd3
25.h3 Rd3d2
26.a4 b4
27.Rf1c1 Rd2b2
28.Rc5xc7 Rc8xc7
29.Rc1xc7 Rb2xb3
30.Rc7a7 Rb3a3
31.Ra7xa6 Kf7
32.g3 { draw }
1/2-1/2

[Event "Eq:chibcha-Equipo Juan Diaz : "]
[Site "www.chess-mail.com"]
[Date "2016.02.05"]
[Round "1"]
[White "Astigitana"]
[Black "Paes19"]
[WhiteElo "2410"]
[BlackElo "2090"]
[Result "1-0"]
[Round "1"]
1.d4 e6
2.c4 c6
3.Nb1c3 Bf8b4
4.Bc1d2 Bb4xc3
5.Bd2xc3 d5
6.e3 Ng8f6
7.Ng1f3 Nb8d7
8.Bf1d3 Nf6e4
9.Qd1c2 Ne4xc3
{ time. }
1-0

[Event "Tourn. n8591"]
[Site "www.chess-mail.com"]
[Date "2016.02.06"]
[Round "1"]
[White "Llcervello"]
[Black "Duff"]
[WhiteElo "1650"]
[BlackElo "1840"]
[Result "0-1"]
[Round "1"]
1.e4 e5
2.f3 Ng8f6
3.Ng1e2 d5
4.Nb1c3 Nb8c6
5.d3 Bf8b4
6.Bc1d2 O-O
7.a3 Bb4xc3
8.Bd2xc3 dxe4
9.fxe4 Bc8g4
10.Bc3b4 Nc6xb4
11.axb4 Qd8d6
12.c3 Rf8d8
13.h3 Bg4h5
14.g4 Bh5g6
15.d4 Bg6xe4
16.Rh1g1 exd4
17.Ne2xd4 Qd6h2
18.g5 Qh2xg1
19.gxf6 Rd8e8
20.Kd2 Qg1h2
21.Kc1 Qh2f4
{ resign }
0-1

[Event "Tourn. n8607"]
[Site "www.chess-mail.com"]
[Date "2016.02.06"]
[Round "1"]
[White "Gatrooper"]
[Black "Gilliere"]
[WhiteElo "1620"]
[BlackElo "1820"]
[Result "0-1"]
[Round "1"]
1.e4 e5
2.a3 d6
3.Nb1c3 Ng8f6
4.h3 Nb8c6
5.Ng1f3 a6
6.d3 Bf8e7
7.Bc1g5 h6
8.Bg5xf6 Be7xf6
9.Nc3d5 O-O
10.Nd5xf6 Qd8xf6
11.Qd1e2 b5
12.O-O-O Bc8b7
13.g4 Nc6d4
14.Nf3xd4 exd4
15.h4 c5
16.g5 hxg5
17.hxg5 Qf6xg5
18.Kb1 g6
19.Qe2f3 Kg7
20.Bf1h3 Rf8h8
21.Rd1g1 Qg5f6
22.Qf3g3 Rh8h6
23.Bh3f5 Rh6xh1
24.Rg1xh1 Ra8h8
25.Rh1xh8 Kxh8
26.Qg3h3 Kg7
27.Bf5g4 Qf6xf2
28.Bg4d7 c4
29.dxc4 Bb7xe4
30.Ka2 bxc4
31.Qh3g4 Qf2xc2
32.Bd7e8 Qc2b1

0-1

[Event "Tourn. n8624"]
[Site "www.chess-mail.com"]
[Date "2016.02.06"]
[Round "1"]
[White "Biggles"]
[Black "Paul30"]
[WhiteElo "1719"]
[BlackElo "1499"]
[Result "1-0"]
[Round "1"]
1.e4 e6
2.d4 d5
3.Nb1c3 Bf8b4
4.e5 c5
5.a3 Bb4xc3
6.bxc3 Nb8c6
7.a4 Ng8e7
8.Bf1d3 Qd8b6
9.Ng1f3 cxd4
10.cxd4 Nc6xd4
11.O-O Nd4c6
12.Bc1a3 Qb6c7
13.Rf1e1 O-O
14.Bd3xh7 Kxh7
15.Nf3g5 Kg6
16.Qd1g4 f5
17.Qg4g3 f4
18.Qg3g4 Bc8d7
19.Ng5xe6 { resign }
1-0

[Event "Tourn. n8500"]
[Site "www.chess-mail.com"]
[Date "2016.02.06"]
[Round "1"]
[White "Piekki"]
[Black "Easychess"]
[WhiteElo "1770"]
[BlackElo "1600"]
[Result "1-0"]
[Round "1"]
1.e4 e5
2.Ng1f3 Nb8c6
3.Bf1b5 Ng8f6
4.d3 d6
5.h3 g6
6.Nb1c3 Bf8g7
7.Bc1g5 a6
8.Bb5a4 O-O
9.Qd1d2 b5
10.Ba4b3 Nc6e7
11.a4 Bc8d7
12.O-O Bd7c6
13.Ra1e1 Qd8d7
14.a5 Rf8e8
15.Bg5h6 Bc6b7
16.Bh6xg7 Kxg7
17.Nf3g5 h6
18.Ng5xf7 g5
19.Nf7xg5 hxg5
20.Qd2xg5 Ne7g6
21.f4 exf4
22.Rf1xf4 Re8f8
23.Rf4f5 Ra8e8
24.Re1f1 Qd7e7
25.Qg5g3 c5
26.Rf5g5 { resign }
1-0

[Event "Tourn. n8508"]
[Site "www.chess-mail.com"]
[Date "2016.02.06"]
[Round "1"]
[White "Osopanda"]
[Black "Easychess"]
[WhiteElo "1860"]
[BlackElo "1600"]
[Result "1-0"]
[Round "1"]
1.d4 d5
2.c4 e6
3.Nb1c3 c5
4.cxd5 cxd4
5.Qd1xd4 Nb8c6
6.Qd4a4 exd5
7.Bc1f4 Ng8f6
8.Ng1f3 Bf8d6
9.Bf4xd6 Qd8xd6
10.e3 O-O
11.O-O-O Bc8e6
12.Kb1 a6
13.Nf3d4 Nc6xd4
14.Rd1xd4 b5
15.Qa4c2 Rf8c8
16.Qc2b3 Qd6c6
17.Bf1d3 Ra8b8
18.Rh1c1 Rc8d8
19.Nc3e2 Qc6b7
20.Ne2f4 g6
21.Nf4xe6 fxe6
22.f3 Rb8c8
23.e4 Rc8xc1
24.Kxc1 Rd8c8
25.Kd2 Qb7c7
26.exd5 Nf6xd5
27.Bd3e4 Qc7c1
28.Ke2 Nd5f4
29.Kf2 Rc8e8
30.Kg3 Nf4e2
31.Kg4 Ne2xd4
{ time. }
1-0

[Event "Tourn. n8586"]
[Site "www.chess-mail.com"]
[Date "2016.02.06"]
[Round "1"]
[White "Rons"]
[Black "Seger"]
[WhiteElo "2600"]
[BlackElo "2780"]
[Result "1/2-1/2"]
[Round "1"]
1.e4 c5
2.Ng1f3 d6
3.d4 cxd4
4.Nf3xd4 Ng8f6
5.Nb1c3 a6
6.Bc1e3 e5
7.Nd4b3 Bf8e7
8.f3 O-O
9.Qd1d2 Bc8e6
10.O-O-O a5
11.Bf1b5 Nb8a6
12.Qd2e2 Qd8b8
13.g4 Rf8c8
14.Kb1 Na6c7
15.Bb5a4 b5
16.Ba4xb5 Nc7xb5
17.Qe2xb5 Qb8c7
{ draw }
1/2-1/2

[Event "Tourn. n8607"]
[Site "www.chess-mail.com"]
[Date "2016.02.06"]
[Round "1"]
[White "Gilliere"]
[Black "Duff"]
[WhiteElo "1820"]
[BlackElo "1840"]
[Result "1/2-1/2"]
[Round "1"]
1.d4 Ng8f6
2.c4 e6
3.c5 Nb8c6
4.e3 d6
5.cxd6 Bf8xd6
6.a3 O-O
7.Ng1f3 Rf8e8
8.Nb1c3 Nf6d5
9.Nc3xd5 exd5
10.h3 Bc8f5
11.Bf1d3 Bf5xd3
12.Qd1xd3 Qd8f6
13.O-O h6
14.b4 Nc6e7
15.Bc1b2 Ne7g6
16.Ra1b1 a5
17.b5 b6
18.a4 Ra8c8
19.Rf1c1 Bd6b4
20.Bb2a3 Bb4xa3
21.Qd3xa3 Ng6h4
22.Nf3xh4 Qf6xh4
23.Rc1c6 Re8e6
24.Rc6xe6 fxe6
25.Rb1c1 Qh4f6
26.Rc1c6 Qf6f5
27.Qa3c1 Qf5f7
28.Qc1d1 Qf7e7
29.Qd1g4 Rc8e8
30.Qg4d1 Re8c8
{ draw }
1/2-1/2

[Event "Tourn. n8529"]
[Site "www.chess-mail.com"]
[Date "2016.02.06"]
[Round "1"]
[White "Cal"]
[Black "Chessexpert"]
[WhiteElo "1500"]
[BlackElo "1480"]
[Result "1-0"]
[Round "1"]
1.d4 d5
2.e3 Ng8f6
3.Nb1c3 Bc8f5
4.h3 c6
5.a3 e6
6.b4 Nb8d7
7.Ng1f3 a5
8.b5 Bf8e7
9.a4 O-O
10.bxc6 bxc6
11.Bf1e2 Be7b4
12.Bc1d2 Ra8b8
13.Ra1b1 Qd8e7
14.O-O h6
15.Nf3h4 Bf5h7
16.f3 c5
17.Nc3b5 cxd4
18.Nb5xd4 Bb4xd2
19.Qd1xd2 Rf8c8
20.Rb1xb8 Rc8xb8
21.Nd4c6  { time }
1-0

[Event "Tourn. n8575"]
[Site "www.chess-mail.com"]
[Date "2016.02.06"]
[Round "1"]
[White "Umzi"]
[Black "Julian"]
[WhiteElo "2220"]
[BlackElo "2000"]
[Result "1/2-1/2"]
[Round "1"]
1.e4 c5
2.Ng1f3 d6
3.d4 cxd4
4.Nf3xd4 Ng8f6
5.Nb1c3 a6
6.Bf1e2 e5
7.Nd4b3 Bc8e6
8.O-O Nb8c6
9.f4 exf4
10.Bc1xf4 Nc6e5
11.Qd1e1 Ra8c8
12.Ra1d1 Qd8c7
13.Nb3d4 Bf8e7
14.Nd4xe6 fxe6
15.Bf4xe5 dxe5
16.Qe1g3 O-O
17.Be2g4 Nf6xg4
18.Rf1xf8 Rc8xf8
19.Qg3xg4 Qc7b6
20.Kh1 Rf8f4
21.Qg4h5 Qb6d4
22.Qh5e8 Be7f8
23.Qe8xe6 Kh8
24.h3 Qd4b4
25.Qe6xe5 Rf4f2
26.Nc3d5 Qb4c5
27.c3 Rf2xb2
28.Rd1f1 Rb2f2
29.Rf1xf2 Qc5xf2
30.Qe5f5 Qf2e1
31.Kh2 Bf8d6
32.Nd5f4 h6
33.Qf5c8 { draw }
1/2-1/2

[Event "Match"]
[Site "www.echecsemail.com"]
[Date "2016.02.06"]
[Round "1"]
[White "Fangshuo"]
[Black "Sik"]
[WhiteElo "2120"]
[BlackElo "1690"]
[Result "1-0"]
[Round "1"]
1.e4 e5
2.Ng1f3 Nb8c6
3.Nb1c3 Ng8f6
4.Bf1b5 d6
5.d4 Bc8g4
6.dxe5 Bg4xf3
7.Qd1xf3 dxe5
8.Bc1g5 Bf8b4
9.Ra1d1 Bb4d6
10.Nc3d5 O-O
11.Nd5xf6 gxf6
12.Bg5xf6 { resign }
1-0

[Event "Match"]
[Site "www.echecsemail.com"]
[Date "2016.02.06"]
[Round "1"]
[White "Traub"]
[Black "Osvalazo"]
[WhiteElo "1620"]
[BlackElo "1349"]
[Result "0-1"]
[Round "1"]
1.e4 e5
2.Ng1f3 Nb8c6
3.Bf1b5 Nc6d4
4.Nf3xd4 exd4
5.d3 Bf8b4
6.Bc1d2 a5
7.c3 dxc3
8.bxc3 Bb4c5
9.Qd1c2 Bc5xf2
10.Kxf2 Qd8f6
11.Ke2 c6
12.Bb5c4 { time. }
0-1

[Event "Match"]
[Site "www.echecsemail.com"]
[Date "2016.02.06"]
[Round "1"]
[White "Nimzojim"]
[Black "Ledzepp"]
[WhiteElo "999"]
[BlackElo "1389"]
[Result "1-0"]
[Round "1"]
1.d4 d5
2.c4 dxc4
3.e4 Ng8f6
4.e5 Nf6d5
5.Bf1xc4 Nd5b4
6.Ng1f3 Bc8g4
7.Qd1a4 Nb4c6
8.d5 Bg4d7
9.dxc6 bxc6
10.Qa4b3 e6
11.Qb3b7 Nb8a6
12.Qb7xa6 Ra8b8
13.Qa6xa7 c5
14.O-O Rb8a8
15.Qa7b7 Ra8b8
16.Qb7e4 Rb8b6
17.b3 Bf8e7
18.Bc4d3 Bd7c6
19.Qe4e2 O-O
20.Rf1d1 Rb6b4
21.Bd3xh7 Kxh7
22.Rd1xd8 Rf8xd8
23.Bc1g5 Rb4e4
24.Qe2c2 Kg8
25.Bg5xe7 Rd8d7
26.Be7xc5 f5
27.Nb1c3 Bc6b7
28.Nc3xe4 Bb7xe4
29.Qc2c4 Be4d5
30.Ra1d1 Rd7d8
31.Rd1xd5 exd5
32.Qc4f4 Rd8a8
33.a4 Ra8a5
34.Bc5e7 g6
35.g4 Ra5a8
36.gxf5 Kf7
37.Be7a3 Ra8g8
38.f6 Ke6
39.Nf3d4 Kd7
40.f7 Rg8f8
41.Ba3xf8 { resign }
1-0

[Event "Match"]
[Site "www.echecsemail.com"]
[Date "2016.02.06"]
[Round "1"]
[White "Ledzepp"]
[Black "Paul30"]
[WhiteElo "1389"]
[BlackElo "1499"]
[Result "0-1"]
[Round "1"]
1.d4 Ng8f6
2.Bc1f4 g6
3.e3 Bf8g7
4.Bf1d3 O-O
5.Ng1f3 d6
6.Nf3g5 Nf6h5
7.Nb1c3 e5
8.dxe5 dxe5
9.Bf4g3 Qd8xg5
10.Qd1f3 Nb8c6
11.Bd3c4 Bc8f5
12.Qf3d5 Nc6b4
13.Qd5d2 Nb4xc2
14.Ke2 Nc2xa1
15.Rh1xa1 Qg5g4
16.Ke1 Qg4xc4
17.Nc3d5 Ra8d8
18.Ra1c1 Qc4xd5
19.Qd2b4 Nh5xg3
20.hxg3 Qd5xg2
21.Ke2 e4
22.Rc1xc7 Qg2f3
{ resign }
0-1

[Event "Match"]
[Site "www.echecsemail.com"]
[Date "2016.02.06"]
[Round "1"]
[White "Biggles"]
[Black "Chessexpert"]
[WhiteElo "1499"]
[BlackElo "1550"]
[Result "1-0"]
[Round "1"]
1.e4 c5
2.d4 cxd4
3.Ng1f3 Nb8c6
4.Bf1c4 e6
5.O-O d6
6.Nf3xd4 Ng8f6
7.Nb1c3 Bc8d7
8.Bc1g5  { time }
1-0

[Event "Match"]
[Site "www.echecsemail.com"]
[Date "2016.02.06"]
[Round "1"]
[White "Trucker44"]
[Black "Tomcapp"]
[WhiteElo "1499"]
[BlackElo "1580"]
[Result "0-1"]
[Round "1"]
1.Ng1f3 Nb8c6
2.e4 e5
3.d3 Bf8b4
4.c3 Bb4a5
5.h4 Ng8f6
6.d4 exd4
7.b4 Ba5b6
8.b5 Nc6e7
9.cxd4 d6
10.Bf1c4 a6
11.Nf3g5 d5
12.Bc4e2 dxe4
13.Be2c4 Bb6xd4
14.O-O Bd4xa1
 { time }
0-1

[Event "Match"]
[Site "www.echecsemail.com"]
[Date "2016.02.06"]
[Round "1"]
[White "Johndyson"]
[Black "Ericleo1980"]
[WhiteElo "2430"]
[BlackElo "2330"]
[Result "1-0"]
[Round "1"]
1.d4 d5
2.c4 c6
3.Nb1c3 Ng8f6
4.e3 Bc8f5
5.cxd5 cxd5
6.Qd1b3 Bf5c8
7.Ng1f3 Nb8c6
8.Bc1d2 e6
9.Bf1d3 Bf8d6
10.O-O O-O
11.Rf1c1 Qd8d7
12.e4 dxe4
13.Nc3xe4 Bd6e7
14.Ne4xf6 Be7xf6
15.Rc1c4 Nc6xd4
16.Nf3xd4 Bf6xd4
17.Bd3xh7 Kxh7
18.Qb3d3 f5
19.Rc4xd4 Qd7e7
20.Bd2b4 Qe7f7
21.Qd3h3 Kg8
22.Rd4h4 { resign }
1-0

[Event "Match"]
[Site "www.echecsemail.com"]
[Date "2016.02.06"]
[Round "1"]
[White "Silent1"]
[Black "Tonino1"]
[WhiteElo "1820"]
[BlackElo "1990"]
[Result "0-1"]
[Round "1"]
1.d4 Ng8f6
2.c4 g6
3.Nb1c3 Bf8g7
4.e3 O-O
5.Bf1d3 d6
6.Ng1f3 Rf8e8
7.O-O e5
8.dxe5 dxe5
9.e4 c6
10.h3 Nb8d7
11.Bc1e3 Qd8e7
12.a3 Nd7c5
13.Bd3c2 Bc8e6
14.b3 Re8d8
15.Qd1e2 Nf6h5
16.Be3g5 f6
17.Bg5e3 Nh5f4
18.Be3xf4 exf4
19.Rf1d1 Rd8xd1
20.Ra1xd1 Ra8d8
21.b4 Rd8xd1
22.Nc3xd1 Nc5a6
23.c5 Qe7d7
24.Qe2d3 Qd7xd3
25.Bc2xd3 Na6c7
26.Nf3d4 Be6f7
27.f3 Nc7e6
28.Nd4xe6 Bf7xe6
29.Nd1f2 f5
30.exf5 gxf5
31.Nf2d1 Bg7d4
32.Kf1 Kf7
33.Bd3c2 Be6c4
34.Ke1 Kf6
35.Nd1f2 Bd4b2
36.a4 Bb2c3
37.Kd1 Bc3xb4
38.Nf2d3 Bc4xd3
39.Bc2xd3 Bb4xc5
40.Kc2 a6
41.Kc3 b5
42.axb5 cxb5
43.Kb3 Kg5
44.g4 fxg4
45.fxg4 h6
46.Bd3e2 Kh4
47.Be2f1 Kg3
48.Bf1d3 Kxh3
49.Bd3f5 Kg2
{ resign }
0-1

[Event "Match"]
[Site "www.echecsemail.com"]
[Date "2016.02.06"]
[Round "1"]
[White "Andregor"]
[Black "Szustan"]
[WhiteElo "2410"]
[BlackElo "2710"]
[Result "1-0"]
[Round "1"]
1.e4 e5
2.Ng1f3 Nb8c6
3.Bf1b5 a6
4.Bb5a4 Ng8f6
5.O-O Nf6xe4
6.d4 b5
7.Ba4b3 d5
8.dxe5 Bc8e6
9.c3 Ne4c5
10.Bb3c2 Bf8e7
11.Nf3d4 Nc6xd4
12.cxd4 Nc5d7
13.Kh1 O-O
14.f4 f5
15.Nb1d2 c5
16.dxc5 Nd7xc5
17.Nd2f3 Qd8d7
18.Nf3d4 Rf8d8
19.a4 b4
20.g4 Nc5e4
21.Bc1e3 Ra8c8
22.Bc2d3 Be7c5
23.Bd3xa6 Rc8c7
24.g5 Bc5xd4
25.Be3xd4 Rc7c4
26.Ba6b5 Qd7c7
27.a5 Qc7b7
28.Bd4b6 Rd8c8
29.Bb5xc4 dxc4
30.Kg1 c3
31.bxc3 Ne4xc3
32.Qd1e1 Rc8c4
33.Bb6e3 Qb7a6
34.Rf1f2 Rc4e4
35.Rf2d2 Nc3d5
36.Qe1f1 Qa6a8
37.Qf1b5 Re4xe3
38.Ra1d1 b3
39.Rd2xd5 Be6xd5
40.Rd1xd5 b2
41.Rd5d1 Re3a3
42.Qb5c4 Kh8
43.Qc4d4 Kg8
44.e6 Ra3a1
45.Rd1xa1 Qa8a7
46.Qd4xa7 bxa1Q
47.Kf2 Qa1a2
48.Kg3 Qa2xe6
49.a6 Qe6b3
50.Kh4 Qb3c2
51.Qa7a8 Kf7
52.Qa8d5 Ke7
53.Kg3 Qc2c3
54.Kf2 Qc3c2
55.Kf1 Qc2b1
56.Ke2 Qb1c2
57.Qd5d2 Qc2c6
58.Qd2d3 Qc6a4
59.Qd3e3 Kd7
60.a7 Kc8
61.Qe3c3 Kb7
62.Qc3xg7 { resign }
1-0

[Event "Match"]
[Site "www.echecsemail.com"]
[Date "2016.02.06"]
[Round "1"]
[White "Nugun"]
[Black "Duff"]
[WhiteElo "1670"]
[BlackElo "1720"]
[Result "0-1"]
[Round "1"]
1.c4 Ng8f6
2.Nb1c3 g6
3.g3 Bf8g7
4.e3 d5
5.d4 Bc8g4
6.Ng1f3 O-O
7.Bf1g2 e6
8.b3 c5
9.Bc1a3 Qd8a5
10.Qd1c1 Nf6e4
11.O-O Qa5xc3
12.Nf3e5 Qc3xc1
13.Ra1xc1 Bg7xe5
14.dxe5 Ne4d2
15.Rf1e1 Bg4f3
16.Ba3xc5 Rf8c8
17.cxd5 Bf3xd5
18.e4 Nd2xe4
19.Bg2xe4 Bd5xe4
20.Re1xe4 Nb8d7
21.Bc5e3 Rc8xc1
22.Be3xc1 Ra8c8
23.Bc1e3 a6
24.a4 Kf8
25.f4 Rc8c3
26.b4 Nd7b8
27.b5 axb5
28.axb5 Nb8d7
29.Be3a7 Rc3b3
30.Re4d4 Ke8
31.b6 Nd7xb6
32.Kg2 Nb6d5
33.Kh3 b5
34.Ba7c5 Rb3c3
35.Bc5d6 Rc3c4
36.Rd4d2 b4
37.Rd2b2 Kd7
38.Kg4 h6
39.h4 h5
40.Kg5 Rc4c3
41.Bd6xb4 Rc3xg3
42.Kh6 Nd5xf4
43.Bb4e1 Rg3e3
44.Rb2b7 Ke8
45.Kg7 Re3xe1
46.Rb7b8 Kd7
47.Kxf7 Re1xe5
48.Rb8b7 Kc6
49.Rb7b4 Re5f5
50.Kg7 Kc5
51.Rb4b1 Kd4
52.Kh6 e5
53.Rb1b4 Ke3
54.Rb4xf4 Rf5xf4
55.Kg5 Rf4g4
56.Kh6 Rg4xh4
57.Kxg6 Rh4h1
58.Kf5 e4
59.Ke5 Kf3
60.Kd4 e3
{ resign }
0-1

[Event "1/128 Finale"]
[Site "www.chess-mail.com"]
[Date "2016.02.06"]
[Round "1"]
[White "Bevittsmith"]
[Black "Powerchess"]
[WhiteElo "2260"]
[BlackElo "1410"]
[Result "1-0"]
[Round "1"]
1.e4 d6
2.d4 Ng8f6
3.Nb1c3 g6
4.f4 Bf8g7
5.Ng1f3 O-O
6.Bf1d3 c5
7.d5 a6
8.a4 Qd8c7
9.Bc1e3 Nf6g4
10.Be3d2 b6
11.h3 Ng4f6
12.O-O Bc8b7
13.Qd1e2 Rf8e8
14.Nc3d1 e6
15.dxe6 Re8xe6
16.e5 dxe5
17.fxe5 Nb8c6
18.Bd3c4 Re6e7
19.Bd2c3 h6
20.e6 fxe6
21.Nf3e5 Nc6xe5
22.Bc3xe5 { resign }
1-0

[Event "1/128 Finale"]
[Site "www.chess-mail.com"]
[Date "2016.02.06"]
[Round "1"]
[White "Stepanpech"]
[Black "Chessexpert"]
[WhiteElo "2140"]
[BlackElo "1480"]
[Result "1-0"]
[Round "1"]
1.e4 Ng8f6
2.e5 Nf6d5
3.d4 d6
4.c4 Nd5b6
5.f4 dxe5
6.fxe5 c5
7.d5 g6
8.Nb1c3 Bf8g7
9.Bc1f4 O-O
10.Qd1d2 Nb8a6
11.Bf1e2  { time }
1-0

[Event "Eq:chibcha-Equipo Juan Diaz : "]
[Site "www.chess-mail.com"]
[Date "2016.02.06"]
[Round "1"]
[White "Lino"]
[Black "Ecijaajedrez"]
[WhiteElo "2360"]
[BlackElo "2550"]
[Result "0-1"]
[Round "1"]
1.e4 c5
2.Ng1f3 d6
3.d4 cxd4
4.Nf3xd4 Ng8f6
5.Nb1c3 e6
6.g4 h6
7.Rh1g1 Nb8c6
8.Bc1e3 d5
9.Bf1b5 Bc8d7
10.exd5 exd5
11.Qd1e2 Bf8b4
12.Nd4xc6 Bd7xc6
13.Be3d4 Kf8
 { time }
0-1

[Event "Eq:La Taverne-Los Tercios : "]
[Site "www.chess-mail.com"]
[Date "2016.02.06"]
[Round "1"]
[White "Traub"]
[Black "Azorau"]
[WhiteElo "1610"]
[BlackElo "1910"]
[Result "0-1"]
[Round "1"]
1.e4 e5
2.Ng1f3 Nb8c6
3.Bf1b5 Nc6d4
4.Nf3xd4 exd4
5.d3 Qd8e7
6.O-O Ng8f6
7.f4 g6
8.Qd1f3 c6
9.Bb5c4 { time. }
0-1

[Event "Eq:Royal chess-Equipo Juan Diaz : "]
[Site "www.chess-mail.com"]
[Date "2016.02.06"]
[Round "1"]
[White "Vinvangogh"]
[Black "Ilusion"]
[WhiteElo "1530"]
[BlackElo "2010"]
[Result "0-1"]
[Round "1"]
1.e4 c5
2.Bf1c4 e6
3.Ng1f3 d6
4.Bc4b5 Bc8d7
5.Bb5d3 Ng8f6
6.e5 dxe5
7.Nf3xe5 Bf8d6
8.Ne5g4 O-O
9.b3 e5
10.O-O Bd7xg4
11.Bd3e2 Bg4xe2
12.Qd1xe2 Nb8c6
13.d4 Nc6xd4
14.Qe2e3 Nd4xc2
15.Qe3c3 Nc2xa1
16.Qc3xa1 e4
17.Bc1g5 Bd6xh2
18.Kxh2 Nf6g4
19.Kg1 Qd8xg5
20.Rf1c1 Qg5xc1
{ resign }
0-1

[Event "Fast Game"]
[Site "www.echecsemail.com"]
[Date "2016.02.06"]
[Round "1"]
[White "Attatroll"]
[Black "Hennie4820"]
[WhiteElo "1760"]
[BlackElo "1800"]
[Result "1/2-1/2"]
[Round "1"]
1.e4 c5
2.Ng1f3 e6
3.c3 Nb8c6
4.d4 cxd4
5.Nf3xd4 Ng8f6
6.Bf1d3 Qd8b6
7.Qd1b3 Qb6c7
8.Nd4b5 Qc7d8
9.Bc1g5 d6
10.O-O a6
11.Bg5xf6 gxf6
12.Nb5d4 Qd8c7
13.Nb1d2 Bf8e7
14.Nd2f3 h5
15.Rf1e1 Bc8d7
16.Ra1d1 h4
17.a4 h3
18.g3 Nc6a5
19.Qb3c2 Ra8c8
20.Nd4e2 Qc7b6
21.Ne2f4 Na5b3
22.Bd3f1 Bd7xa4
23.Rd1d2 Qb6c6
24.Qc2d3 Nb3xd2
25.Qd3xd2 Ba4b5
26.Bf1xh3 Qc6c5
27.Bh3xe6 fxe6
28.Nf4xe6 Qc5b6
29.Ne6g7 Kf7
30.Ng7f5 Rc8g8
31.Nf5h6 Kf8
32.Nh6xg8 Rh8xg8
33.Qd2h6 Ke8
34.Nf3d4 Bb5d7
35.e5 dxe5
36.Qh6h5 Kd8
37.Nd4f5 Be7c5
38.Re1e2 Rg8g5
39.Qh5h8 Kc7
40.Nf5h6 Qb6b5
41.Re2d2 Qb5a4
42.Qh8xf6 Qa4a1
43.Kg2 Bd7c6
44.Kh3 Bc6d7
45.Kg2 Bd7c6
46.Kh3 Bc6d7
47.Kg2 { draw }
1/2-1/2

[Event "Tourn. n8623"]
[Site "www.chess-mail.com"]
[Date "2016.02.07"]
[Round "1"]
[White "Duff"]
[Black "Gatrooper"]
[WhiteElo "1790"]
[BlackElo "1660"]
[Result "1-0"]
[Round "1"]
1.e4 e5
2.Ng1f3 Nb8c6
3.Bf1c4 d6
4.d4 Bc8e6
5.d5 Be6xd5
6.Qd1xd5 Qd8e7
7.Bc4b5 Ng8f6
8.Bb5xc6 bxc6
9.Qd5xc6 Qe7d7
10.Qc6xa8 Ke7
11.Nb1c3 c6
12.Bc1g5 h6
13.Bg5xf6 gxf6
14.Qa8b8 Bf8g7
15.Qb8b3 a5
16.O-O Rh8g8
17.Ra1d1 Bg7h8
18.Nf3h4 Qd7g4
19.Nh4f5 Kd7
20.Rd1xd6 Kc7
21.Qb3xf7 Kb6
22.Nc3a4 Kb5
23.Qf7b3 Ka6
24.Qb3b6 { resign }
1-0

[Event "Tourn. n8595"]
[Site "www.chess-mail.com"]
[Date "2016.02.07"]
[Round "1"]
[White "Jjmcbride"]
[Black "Biggles"]
[WhiteElo "1450"]
[BlackElo "1499"]
[Result "0-1"]
[Round "1"]
1.e4 e5
2.Ng1f3 Nb8c6
3.d4 exd4
4.Nf3xd4 Bf8c5
5.c3 Qd8f6
6.Bc1e3 Ng8e7
7.b4 Nc6xb4
8.cxb4 Bc5xb4
9.Nb1d2 Bb4c3
10.Ra1c1 Bc3xd4
11.Be3xd4 Qf6xd4
12.Rc1xc7 Ne7c6
13.Qd1b3 O-O
14.Bf1b5 Qd4d6
15.Rc7xc6 dxc6
16.Bb5d3 Rf8d8
17.O-O Qd6xd3
18.Qb3b2 Qd3xd2
19.Qb2xd2 Rd8xd2
{ resign }
0-1